How we live
Includes index; Neal A. Newfield, Ph.D., LICSW (Giver)
Shranjeno v:
| Glavni avtor: | |
|---|---|
| Format: | Knjiga |
| Jezik: | Undetermined |
| Izdano: |
New York
Vintage Books
1997
|
| Teme: | |
| Online dostop: | http://lrc.tdmu.edu.vn/opac/search/detail.asp?aID=2&ID=32477 |
| Oznake: |
Označite
Brez oznak, prvi označite!
|
| Thư viện lưu trữ: | Trung tâm Học liệu Trường Đại học Thủ Dầu Một |
|---|
| LEADER | 00727nam a2200205Ia 4500 | ||
|---|---|---|---|
| 001 | TDMU_32477 | ||
| 008 | 210410s9999 xx 000 0 und d | ||
| 082 | |a 327.597059 | ||
| 090 | |b N510 | ||
| 100 | |a Nuland, Sherwin B | ||
| 245 | 0 | |a How we live | |
| 245 | 0 | |c Sherwin B. Nuland | |
| 260 | |a New York | ||
| 260 | |b Vintage Books | ||
| 260 | |c 1997 | ||
| 300 | |a xxix, 395 p. | ||
| 520 | |a Includes index; Neal A. Newfield, Ph.D., LICSW (Giver) |d 2017 | ||
| 650 | |a Human biology |x Popular works; Human psychology |x Popular works; Sinh lý học người; Sinh học người | ||
| 856 | |u http://lrc.tdmu.edu.vn/opac/search/detail.asp?aID=2&ID=32477 | ||
| 980 | |a Trung tâm Học liệu Trường Đại học Thủ Dầu Một | ||